Holiday Quiz

Random Holiday or Word Play Quiz

Mother's Day Word Morph Quiz Stats

Quiz Updated Oct 17, 2012

Also try: Well-Known Mothers
Challenge
Share
Tweet
Embed
Score 0/23 Timer 05:00
1 Play Today
Clue Word % Correct
On May 8, 2011 in the US you might tell your maternal figure: '_____ + [rung 14]+[last rung]!'♥ Happy ♥
92.5%
Meat often served on Easter SundayHam
83.5%
A trinket often hung off a braceletCharm
82.7%
Often this is a baby's first wordMama
82.4%
To cause damageHarm
82.3%
A piece of broken glassShard
82.1%
24 hours♥ Happy Mother's Day! ♥
81.8%
Scooby and Scrappy's last name?Doo
80.9%
Having an edge that is capable of cuttingSharp
79.6%
Paternal FigureDad
78.7%
A full-size pickup truck manufactured by DodgeRam
77.9%
Swiss _____, a leafy greenChard
76.6%
Clue Word % Correct
Sounds from a cowMoos
75.6%
AlsoToo
75.4%
The Edsels hit song, '____ Lama Ding Dong'Rama
74.3%
Belonging to one's maternal figure♥ Mom's ♥
71.3%
Stylized name for a Manhattan art museumMoMA
68.6%
A little bitTad
68.5%
A loathsome, nagging womanHarpy
67.4%
A pale lager originally created by the Guinness Brewery Harp
66.7%
One's predominant emotionMood
66.1%
Metaphysical concept in Eastern Asian religionTao
66%
Landmark first-person shooter gameDoom
60.6%

You're not logged in!

Compare scores with friends on all Sporcle quizzes.
Join for Free
OR
Log In

You Might Also Like...

Show Comments

Extras

Top Quizzes Today


Score Distribution

Your Account Isn't Verified!

In order to create a playlist on Sporcle, you need to verify the email address you used during registration. Go to your Sporcle Settings to finish the process.

Report this User

Report this user for behavior that violates our Community Guidelines.

Details: